000 00808cam a2200265 4500
001 ABS67315
008 031219n2003 000 0 eng u
035 _a(Sirsi) u124659
245 _aFocus 2 update: North West
260 _c2003
490 _aEstates Gazette
_v(0348) 29 November 2003, 61-73(6)
590 _aABS
650 _aNORTHWEST ENGLAND
650 _aLANCASHIRE
650 _aMANCHESTER
650 _aPRESTON
650 _aINDUSTRIAL MARKET
650 _aPROPERTY-COMMERCIAL PROPERTY-OFFICE PROPERTY-OFFICE PROPERTY MARKET
650 _aPROPERTY-COMMERCIAL PROPERTY-RETAIL PROPERTY-RETAIL PROPERTY MARKET
650 _aRETAIL INVESTMENT
650 _aLAND SUPPLY
650 _aRENTAL GROWTH
690 _aPROPERTY-COMMERCIAL PROPERTY-COMMERCIAL PROPERTY MARKET
942 _n0
999 _c73981
_d73981